000 01645nam a22004097a 4500
003 CHAP
005 20230911124126.0
008 110809s2011 mx r 00011 spa d
010 _a101760
011 _a102732
035 _a113421
040 _cCHAP
090 _aTesis
100 1 _aReyes Pérez, Enriqueta.
_996947
245 1 0 _aTolerancia de frutos de tuna (Opuntia ficus-indica Mill.) a baja disponibilidad de oxígeno en postcosecha
_h[En línea]
_c/por Enriqueta Reyes Pérez
260 _aChapingo, Méx. :
_bEl autor,
_c2011
500 _aPara ver el contenido del material haga clic en la liga
502 _aTesis (Ing. Agroindustrial) -- UACH. Departamento de Ingeniería Agroindustrial
590 _aALEPH
_b10
_c20130110
_lUCH01
_h1541
590 _aBATCH-UPD
_b10
_c20130110
_lUCH01
_h1533
590 _aBATCH-UPD
_b10
_c20130410
_lUCH01
_h0939
590 _aBATCH-UPD
_b10
_c20130914
_lUCH01
_h1851
590 _aBATCH-UPD
_b10
_c20140324
_lUCH01
_h1526
590 _aBATCH-UPD
_b10
_c20141002
_lUCH01
_h0850
590 _aCONVERSION
_b10
_c20130109
_lUCH01
_h1356
650 1 7 _aOpuntia ficus-indica
_2
_983389
650 1 4 _aTratamiento anaeróbico.
_9114699
650 1 4 _aTuna
_xAlmacenamiento.
_9115545
650 1 4 _aTuna
_xConservación por frío.
_9115547
650 1 4 _aTuna
_xMaduración.
_9115558
650 1 4 _aTuna
_xTecnología postcosecha.
_9115566
856 _3Finding aid
_uhttp://10.13.5.2/tesis/113421.pdf
_zTeclea aqui
901 _aBK
942 _cFOLL
949 _aTesis
_bBC
_cTES
_d33724002244769
_eTS1
_gDonaciØn
_h52560
_i113421
_st
949 _aTesis
_bBC
_cTES
_d33724002244801
_eTS2
_fc.2
_gDonaciØn
_h52561
_i113421
_st
999 _c101760
_d101760